[Event "FIDE World Youth U16 Chess Olympiad SLOVAKIA 2016"]
[Site "Poprad Tatry SLOVAKIA"]
[Date "2016.07.28"]
[Round "8"]
[Board "2"]
[White "Birkisson, Bardur Orn"]
[Black "Huygebaert, Batist"]
[Result "1/2-1/2"]
[WhiteElo "2048"]
[BlackElo "1850"]
[PlyCount "59"]
[EventDate "2016.07.22"]
[EventType "team"]
[EventRounds "9"]
[EventCountry "SVK"]
[WhiteTeam "Iceland"]
[BlackTeam "Belgium"]

1. Nf3 Nf6 2. c4 c6 3. g3 d5 4. Bg2 e6 5. cxd5 exd5 6. O-O Bd6 7. d3 O-O 8. Nc3
Bg4 9. Qc2 Nbd7 10. e4 dxe4 11. dxe4 Re8 12. Re1 Bc5 13. Be3 Bb4 14. Bd2 Bc5
15. Bf4 Bxf3 16. Bxf3 Ne5 17. Bg2 Nfg4 18. Nd1 g5 19. Be3 Bxe3 20. Nxe3 Nxe3
21. Rxe3 Qb6 22. Rd1 Rad8 23. Ree1 h6 24. b3 Kg7 25. h3 f6 26. Kh2 Qa5 27. Qe2
Qc3 28. f4 Ng6 29. Qf2 b6 30. Kg1 1/2-1/2

[Event "FIDE World Youth U16 Chess Olympiad SLOVAKIA 2016"]
[Site "Poprad Tatry SLOVAKIA"]
[Date "2016.07.28"]
[Round "8"]
[Board "3"]
[White "Huttl, Sofie"]
[Black "Birkisson, Bjorn Holm"]
[Result "0-1"]
[WhiteElo "1727"]
[BlackElo "1977"]
[PlyCount "76"]
[EventDate "2016.07.22"]
[EventType "team"]
[EventRounds "9"]
[EventCountry "SVK"]
[WhiteTeam "Belgium"]
[BlackTeam "Iceland"]

1. e4 c5 2. Nf3 e6 3. d4 cxd4 4. Nxd4 a6 5. c4 Qc7 6. Nc3 Nf6 7. Be3 d6 8. Bd3
Nbd7 9. f4 b6 10. Qf3 Bb7 11. O-O-O Nc5 12. Bc2 b5 13. cxb5 Ncxe4 14. Nxe4 Bxe4
15. Qe2 Be7 16. Kb1 Bxc2+ 17. Nxc2 O-O 18. b6 Qb7 19. a4 a5 20. Rd3 Nd5 21. Rb3
Bd8 22. Rd1 Ra6 23. Qf2 Nxe3 24. Qxe3 Rxb6 25. Rxb6 Bxb6 26. Qb3 Qc6 27. Qb5
Qxb5 28. axb5 Bc5 29. Na3 Rb8 30. Kc2 d5 31. Rb1 Kf8 32. Kd3 Ke7 33. Rc1 Bxa3
34. bxa3 Rxb5 35. Rc7+ Kf6 36. Kd4 Rb3 37. g4 Rxa3 38. g5+ Kg6 0-1

[Event "FIDE World Youth U16 Chess Olympiad SLOVAKIA 2016"]
[Site "Poprad Tatry SLOVAKIA"]
[Date "2016.07.28"]
[Round "8"]
[Board "4"]
[White "Heimisson, Hilmir Freyr"]
[Black "Swennen, Fleur"]
[Result "1-0"]
[WhiteElo "1974"]
[BlackElo "1648"]
[PlyCount "97"]
[EventDate "2016.07.22"]
[EventType "team"]
[EventRounds "9"]
[EventCountry "SVK"]
[WhiteTeam "Iceland"]
[BlackTeam "Belgium"]

1. d4 f5 2. c4 Nf6 3. Nc3 e6 4. g3 Be7 5. Bg2 O-O 6. Nf3 d6 7. O-O Ne4 8. Qc2
Nxc3 9. Qxc3 Bf6 10. b4 Re8 11. Rd1 Qe7 12. Bb2 Qf8 13. e3 e5 14. Qb3 Kh8 15.
Rd2 e4 16. Ne1 Qf7 17. Bf1 Be6 18. Ng2 g5 19. Rc1 Qg7 20. a4 h5 21. d5 Bf7 22.
Bxf6 Qxf6 23. c5 Nd7 24. cxd6 Qxd6 25. Ne1 Kh7 26. Qc3 Rac8 27. Bb5 Red8 28.
Bc6 Rb8 29. Bxd7 Rxd7 30. Rcd1 Rbd8 31. Nc2 Qe7 32. Nd4 Qf6 33. Qc5 b6 34. Qc2
Bxd5 35. Rc1 Bb7 36. Qd1 Qe5 37. Qxh5+ Kg8 38. Qxg5+ Kh8 39. h4 c5 40. Nxf5 Qe8
41. Qf6+ Kg8 42. Rxd7 Rxd7 43. bxc5 bxc5 44. h5 Qxh5 45. Qe6+ Rf7 46. Nh6+ Kg7
47. Qxf7+ Qxf7 48. Nxf7 Kxf7 49. Rxc5 1-0

[Event "FIDE World Youth U16 Chess Olympiad SLOVAKIA 2016"]
[Site "Poprad Tatry SLOVAKIA"]
[Date "2016.07.28"]
[Round "8"]
[Board "1"]
[White "Keinanen, Toivo"]
[Black "Livaic, Leon"]
[Result "1-0"]
[WhiteElo "2274"]
[BlackElo "2447"]
[PlyCount "93"]
[EventDate "2016.07.22"]
[EventType "team"]
[EventRounds "9"]
[EventCountry "SVK"]
[WhiteTeam "Finland"]
[BlackTeam "Croatia"]

1. c4 Nf6 2. g3 e6 3. Bg2 d5 4. Nf3 Be7 5. O-O O-O 6. b3 b6 7. Bb2 Bb7 8. e3 c5
9. Nc3 dxc4 10. bxc4 Nc6 11. Qe2 Qd7 12. Rfd1 Rad8 13. d4 cxd4 14. exd4 Na5 15.
Rac1 Qc8 16. Ne5 Bxg2 17. Kxg2 Nd7 18. Nxd7 Rxd7 19. Ne4 Qb7 20. Kg1 Rfd8 21.
Rc2 Bf8 22. d5 f6 23. Qg4 Kh8 24. Nxf6 gxf6 25. Bxf6+ Bg7 26. Bxd8 Rxd8 27.
Qxe6 Qd7 28. Qxd7 Rxd7 29. c5 bxc5 30. Rxc5 Nb7 31. Rc8+ Nd8 32. d6 Be5 33. Re1
Bf6 34. Rc7 Rf7 35. Ree7 Kg7 36. Rxa7 Bd4 37. Rxf7+ Nxf7 38. Rb7 Kf6 39. d7 Nd8
40. Rb4 Bc5 41. Rh4 Ke6 42. Rxh7 Be7 43. Rh5 Kxd7 44. Kg2 Ne6 45. Rd5+ Kc6 46.
Rd1 Bd6 47. h4 1-0

[Event "FIDE World Youth U16 Chess Olympiad SLOVAKIA 2016"]
[Site "Poprad Tatry SLOVAKIA"]
[Date "2016.07.28"]
[Round "8"]
[Board "2"]
[White "Muha, Miljenko"]
[Black "Nazarova, Anastasia"]
[Result "1/2-1/2"]
[WhiteElo "2257"]
[BlackElo "2032"]
[PlyCount "141"]
[EventDate "2016.07.22"]
[EventType "team"]
[EventRounds "9"]
[EventCountry "SVK"]
[WhiteTeam "Croatia"]
[BlackTeam "Finland"]

1. d4 Nf6 2. c4 g6 3. Nc3 Bg7 4. e4 d6 5. Nf3 O-O 6. Be2 Nbd7 7. O-O e5 8. Be3
Re8 9. d5 Nc5 10. Nd2 a5 11. a3 b6 12. b4 Ncd7 13. Nb3 axb4 14. axb4 Rxa1 15.
Qxa1 Rf8 16. c5 bxc5 17. bxc5 Nxc5 18. Nxc5 dxc5 19. Bxc5 Re8 20. Qa5 Bf8 21.
Bxf8 Rxf8 22. f3 Ne8 23. Nb5 Qg5 24. Qc3 Qe7 25. Rc1 Ba6 26. Kh1 Bxb5 27. Bxb5
Nd6 28. Be2 Ra8 29. Bf1 Ra7 30. Rb1 Kg7 31. Qc5 Nc8 32. Qe3 Ra3 33. Qf2 Nb6 34.
f4 f6 35. Rc1 Ra4 36. Bd3 Ra3 37. Bb1 Ra7 38. h3 Ra1 39. Qb2 Ra7 40. fxe5 Qxe5
41. Qxe5 fxe5 42. Bd3 Nc8 43. Kg1 Nd6 44. Kf2 Kf6 45. Rc3 Ke7 46. Ke3 Kd7 47.
Be2 Ra4 48. Bf3 Nc4+ 49. Kd3 Nd6 50. h4 Rd4+ 51. Ke3 Nc4+ 52. Kf2 Nd6 53. Ke3
Rb4 54. Kd3 Nb5 55. Rc6 Nd6 56. Rc3 Ra4 57. Ke3 Nb5 58. Rc6 Nd4 59. Bg4+ Kd8
60. Rc3 Ra2 61. Bf3 Ra1 62. Kf2 Ra2+ 63. Kg3 Ra6 64. Rc1 Ra3 65. Kg4 h6 66. Rb1
Kc8 67. Rb2 Ra6 68. Rb1 Rf6 69. Ra1 Kb8 70. Rb1+ Kc8 71. Ra1 1/2-1/2

[Event "FIDE World Youth U16 Chess Olympiad SLOVAKIA 2016"]
[Site "Poprad Tatry SLOVAKIA"]
[Date "2016.07.28"]
[Round "8"]
[Board "3"]
[White "Lahdelma, Henri"]
[Black "Tomulic, Teo"]
[Result "0-1"]
[WhiteElo "1864"]
[BlackElo "2121"]
[PlyCount "100"]
[EventDate "2016.07.22"]
[EventType "team"]
[EventRounds "9"]
[EventCountry "SVK"]
[WhiteTeam "Finland"]
[BlackTeam "Croatia"]

1. d4 Nf6 2. c4 e6 3. Nc3 Bb4 4. e3 b6 5. Nf3 Ne4 6. Qc2 Bb7 7. Bd2 Nxd2 8.
Qxd2 O-O 9. Be2 d5 10. a3 Bd6 11. b4 a5 12. b5 Nd7 13. O-O Qe7 14. a4 f5 15.
cxd5 exd5 16. Rad1 Rae8 17. Bd3 g6 18. Bb1 Kg7 19. Ba2 Nf6 20. Ne2 Ne4 21. Qb2
g5 22. Rc1 Rf7 23. Ne5 Bxe5 24. dxe5 Qxe5 25. Qxe5+ Rxe5 26. Rfd1 f4 27. exf4
gxf4 28. f3 Nc5 29. Nc3 Rd7 30. Rd4 Ne6 31. Rd3 Re3 32. Rxe3 fxe3 33. Rd1 d4
34. Bxe6 Rd6 35. Ne4 Bxe4 36. fxe4 e2 37. Re1 d3 38. Bb3 Rd4 39. Kf2 Rxe4 40.
Bd1 exd1=Q 41. Rxd1 Rxa4 42. Rxd3 Rb4 43. Rd7+ Kg6 44. Rxc7 Rxb5 45. Ke3 a4 46.
Rc2 a3 47. Ra2 Rb3+ 48. Kd4 b5 49. Ra1 b4 50. Rc1 a2 0-1

[Event "FIDE World Youth U16 Chess Olympiad SLOVAKIA 2016"]
[Site "Poprad Tatry SLOVAKIA"]
[Date "2016.07.28"]
[Round "8"]
[Board "4"]
[White "Radenic, Filip"]
[Black "Aalto, Patrik"]
[Result "1-0"]
[WhiteElo "2083"]
[BlackElo "1745"]
[PlyCount "102"]
[EventDate "2016.07.22"]
[EventType "team"]
[EventRounds "9"]
[EventCountry "SVK"]
[WhiteTeam "Croatia"]
[BlackTeam "Finland"]

1. c4 c5 2. Nf3 Nf6 3. g3 g6 4. Bg2 Bg7 5. Nc3 Nc6 6. O-O O-O 7. d3 d5 8. cxd5
Nxd5 9. Nxd5 Qxd5 10. Be3 Qh5 11. Rc1 Nd4 12. b4 Nxf3+ 13. Bxf3 Qe5 14. Rxc5
Qd6 15. Qd2 Re8 16. Rfc1 Rb8 17. Rc7 Qa6 18. Bg5 e5 19. Bd5 Be6 20. Bxe6 Qxe6
21. Qc2 Bf8 22. b5 Ba3 23. Rb1 Rbc8 24. Rc4 Rxc4 25. Qxc4 Qxc4 26. dxc4 Rc8 27.
Rb3 Bc5 28. Rc3 Bd4 29. Rc2 Kg7 30. Be7 Re8 31. Bb4 Rd8 32. e3 Bb6 33. c5 Bc7
34. Rd2 Rxd2 35. Bxd2 e4 36. Bc3+ f6 37. f3 exf3 38. Kf2 Kf7 39. Kxf3 Ke6 40.
e4 f5 41. a4 Bb8 42. Bd4 a6 43. Be3 axb5 44. axb5 Ba7 45. exf5+ gxf5 46. c6
Bxe3 47. Kxe3 bxc6 48. bxc6 Kd6 49. Kf4 Kxc6 50. Kxf5 Kd6 51. Kg5 Kd5 1-0

[Event "FIDE World Youth U16 Chess Olympiad SLOVAKIA 2016"]
[Site "Poprad Tatry SLOVAKIA"]
[Date "2016.07.28"]
[Round "8"]
[Board "1"]
[White "Pechac, Jergus"]
[Black "Lee, Qing Aun"]
[Result "0-1"]
[WhiteElo "2463"]
[BlackElo "2250"]
[PlyCount "74"]
[EventDate "2016.07.22"]
[EventType "team"]
[EventRounds "9"]
[EventCountry "SVK"]
[WhiteTeam "Slovakia 1"]
[BlackTeam "Singapore"]

1. e4 c5 2. a3 Nc6 3. b4 cxb4 4. axb4 Nxb4 5. d4 d5 6. c3 Nc6 7. exd5 Qxd5 8.
Na3 Bd7 9. Nc4 e6 10. Nf3 Be7 11. Bd3 Rd8 12. Bf4 Bc8 13. Ne3 Qd7 14. Bb5 Bd6
15. Bxd6 Qxd6 16. Rxa7 Nge7 17. O-O O-O 18. Ra2 Nd5 19. Qa1 Bd7 20. Rd1 Ncb4
21. cxb4 Bxb5 22. Ra5 Be2 23. Rb1 Bxf3 24. gxf3 Nf4 25. Kf1 Qc6 26. d5 Nxd5 27.
Ng4 Qc4+ 28. Kg1 Qf4 29. b5 Qxf3 30. Ra3 Qf4 31. Rg3 f6 32. Re1 h5 33. Ne3 Nxe3
34. Rexe3 h4 35. Rg2 Rd2 36. h3 Rfd8 37. Re1 Qf3 0-1

[Event "FIDE World Youth U16 Chess Olympiad SLOVAKIA 2016"]
[Site "Poprad Tatry SLOVAKIA"]
[Date "2016.07.28"]
[Round "8"]
[Board "2"]
[White "Woong, Zhi Wei William"]
[Black "Haring, Viktor"]
[Result "1/2-1/2"]
[WhiteElo "2008"]
[BlackElo "2289"]
[PlyCount "98"]
[EventDate "2016.07.22"]
[EventType "team"]
[EventRounds "9"]
[EventCountry "SVK"]
[WhiteTeam "Singapore"]
[BlackTeam "Slovakia 1"]

1. e4 c5 2. Nf3 Nc6 3. Bb5 e6 4. O-O Nge7 5. c3 a6 6. Ba4 b5 7. Bc2 Bb7 8. Re1
d5 9. e5 d4 10. Be4 Nd5 11. d3 Be7 12. Qc2 f5 13. exf6 gxf6 14. Bh6 f5 15. Bxd5
Qxd5 16. Qe2 Rg8 17. Nbd2 dxc3 18. bxc3 Rg6 19. Bf4 O-O-O 20. c4 Qxd3 21. Qxd3
Rxd3 22. Re3 Rxe3 23. Bxe3 e5 24. cxb5 axb5 25. Rc1 Nd4 26. Bxd4 exd4 27. Nxd4
Rxg2+ 28. Kf1 Rxh2 29. Ke2 Kd7 30. Nxf5 Bf8 31. Nf1 Rh1 32. Rd1+ Ke6 33. Rd8
Be7 34. Re8 Kxf5 35. Rxe7 Bf3+ 36. Kxf3 Rxf1 37. Rxh7 Ke5 38. Ke3 Kd5 39. f4
Ra1 40. Rh5+ Kc4 41. Rh2 Re1+ 42. Kd2 Re4 43. Rf2 Kd5 44. f5 Ra4 45. Kc1 Ra7
46. Kb2 Rf7 47. Kb3 Ke5 48. a4 bxa4+ 49. Kxa4 Kd4 1/2-1/2

[Event "FIDE World Youth U16 Chess Olympiad SLOVAKIA 2016"]
[Site "Poprad Tatry SLOVAKIA"]
[Date "2016.07.28"]
[Round "8"]
[Board "3"]
[White "Lintner, Igor"]
[Black "Lau, Ende Matthew"]
[Result "0-1"]
[WhiteElo "2191"]
[BlackElo "1880"]
[PlyCount "82"]
[EventDate "2016.07.22"]
[EventType "team"]
[EventRounds "9"]
[EventCountry "SVK"]
[WhiteTeam "Slovakia 1"]
[BlackTeam "Singapore"]

1. e4 c5 2. Nf3 g6 3. c4 Nc6 4. d4 cxd4 5. Nxd4 Nf6 6. Nc3 d6 7. Be2 Nxd4 8.
Qxd4 Bg7 9. h4 O-O 10. h5 Nxh5 11. Qd3 Nf6 12. Bh6 Bxh6 13. Rxh6 Qa5 14. Qd2
Bg4 15. f3 Be6 16. O-O-O Rfc8 17. Rdh1 Bxc4 18. Bxc4 Rxc4 19. Kb1 Rac8 20. g4
Qe5 21. R6h2 g5 22. f4 Qxf4 23. Qxf4 gxf4 24. g5 Nxe4 25. Nd5 Re8 26. Rxh7 Nd2+
27. Ka1 Rc1+ 28. Rxc1 Kxh7 29. Nxf4 e5 30. Nd5 Kg6 31. Rc7 e4 32. Ne3 b5 33.
Rxa7 Nc4 34. Nd5 e3 35. b3 Nd2 36. Rd7 e2 37. Nf4+ Kxg5 38. Nxe2 Rxe2 39. Rxd6
f5 40. Rd5 b4 41. Rd4 f4 0-1

[Event "FIDE World Youth U16 Chess Olympiad SLOVAKIA 2016"]
[Site "Poprad Tatry SLOVAKIA"]
[Date "2016.07.28"]
[Round "8"]
[Board "4"]
[White "Lee, Jun Wei"]
[Black "Vrtiakova, Anna"]
[Result "1-0"]
[WhiteElo "1856"]
[BlackElo "2044"]
[PlyCount "113"]
[EventDate "2016.07.22"]
[EventType "team"]
[EventRounds "9"]
[EventCountry "SVK"]
[WhiteTeam "Singapore"]
[BlackTeam "Slovakia 1"]

1. d4 d5 2. c4 e6 3. Nc3 Nf6 4. Bg5 Nbd7 5. Nf3 c6 6. cxd5 exd5 7. Qc2 h6 8.
Bf4 Nh5 9. Bd2 Bd6 10. e3 Qe7 11. h3 Nb6 12. Be2 Nf6 13. Bd3 O-O 14. O-O Re8
15. Ne1 Ne4 16. Bxe4 dxe4 17. f3 Bf5 18. Qb3 Be6 19. Qc2 Bc4 20. fxe4 Bxf1 21.
Kxf1 Bb4 22. e5 f6 23. Nf3 Nc4 24. Qb3 b5 25. Nxb5 cxb5 26. Bxb4 Qf7 27. e4
fxe5 28. d5 a5 29. Bc3 Nd6 30. Re1 b4 31. Bd2 Rac8 32. Qd3 Nc4 33. Bc1 Nd6 34.
b3 Rc3 35. Qd1 Kh7 36. Bb2 Rc7 37. Kg1 Rce7 38. Qd3 Qf4 39. Bc1 Qf6 40. Bd2 Rc8
41. Nh2 Qh4 42. Ng4 Nf7 43. Rf1 Kg8 44. d6 Rd7 45. Qd5 Qh5 46. Rf5 Qg6 47. Nxe5
Rxd6 48. Nxg6 Rxd5 49. Rxd5 Re8 50. Rxa5 Kh7 51. Nf4 Rxe4 52. Nd5 Ne5 53. Nxb4
Re2 54. Bc3 Ng6 55. Ra7 Ne7 56. Nc6 Nd5 57. Bd4 1-0

[Event "FIDE World Youth U16 Chess Olympiad SLOVAKIA 2016"]
[Site "Poprad Tatry SLOVAKIA"]
[Date "2016.07.28"]
[Round "8"]
[Board "1"]
[White "Van Zyl-Rudd, Jack"]
[Black "Bratkovic, Jakob"]
[Result "1-0"]
[WhiteElo "1766"]
[BlackElo "2186"]
[PlyCount "105"]
[EventDate "2016.07.22"]
[EventType "team"]
[EventRounds "9"]
[EventCountry "SVK"]
[WhiteTeam "South Africa 2"]
[BlackTeam "Slovenia"]

1. d4 d5 2. c4 c6 3. Nf3 Nf6 4. Nbd2 e6 5. e3 c5 6. cxd5 exd5 7. dxc5 Bxc5 8.
Be2 O-O 9. O-O Nc6 10. Nb3 Bd6 11. Nbd4 Bg4 12. b3 Ne4 13. Bb2 Qf6 14. Rb1 Qh6
15. h3 Be6 16. Nxc6 bxc6 17. Nd2 Bxh3 18. Nxe4 Bxg2 19. Ng3 Bxf1 20. Qxf1 Rae8
21. Qg2 Bxg3 22. Qxg3 Re6 23. Bd3 f5 24. Qh2 Qg5+ 25. Qg2 Qe7 26. Qf3 Qb4 27.
Kf1 Re7 28. Ke2 Qa5 29. a3 Qb6 30. b4 d4 31. Bc4+ Kh8 32. Rh1 h6 33. Qf4 c5 34.
Kf1 Re4 35. bxc5 Qg6 36. Qd6 Rf6 37. Qd5 Rf8 38. Bxd4 Rb8 39. Bb3 Qa6+ 40. Ke1
Rxd4 41. exd4 Re8+ 42. Kd1 Qd3+ 43. Kc1 Qc3+ 44. Kb1 Qd3+ 45. Bc2 Rb8+ 46. Kc1
Qxa3+ 47. Kd2 Qa5+ 48. Ke2 Qa6+ 49. Kf3 Qg6 50. Qxf5 Rb3+ 51. Ke2 Qe8+ 52. Qe4
Qb5+ 53. Bd3 1-0

[Event "FIDE World Youth U16 Chess Olympiad SLOVAKIA 2016"]
[Site "Poprad Tatry SLOVAKIA"]
[Date "2016.07.28"]
[Round "8"]
[Board "2"]
[White "Dobrovoljc, Vid"]
[Black "Van Der Lingen, Cornelis Petru"]
[Result "1-0"]
[WhiteElo "2246"]
[BlackElo "1772"]
[PlyCount "99"]
[EventDate "2016.07.22"]
[EventType "team"]
[EventRounds "9"]
[EventCountry "SVK"]
[WhiteTeam "Slovenia"]
[BlackTeam "South Africa 2"]

1. e4 e5 2. Nf3 Nc6 3. Bb5 a6 4. Ba4 Nf6 5. O-O b5 6. Bb3 Be7 7. Re1 d6 8. c3
O-O 9. h3 Na5 10. Bc2 c5 11. d4 Qc7 12. d5 Nc4 13. b3 Nb6 14. a4 Re8 15. Nbd2
Rb8 16. Qe2 Bd7 17. a5 Nc8 18. Nf1 g6 19. Ng3 Bf8 20. c4 Bg7 21. Ra2 Rf8 22.
Nh2 Ne8 23. f4 b4 24. Rf1 Ne7 25. f5 f6 26. Ng4 g5 27. Nh5 h6 28. h4 Kh7 29.
Qf3 Ng8 30. Qh3 Bc8 31. hxg5 fxg5 32. Bxg5 Nef6 33. Nhxf6+ Bxf6 34. Bxf6 Rxf6
35. Nxf6+ Nxf6 36. Qh4 Qf7 37. Rf3 Bd7 38. Rh3 Qf8 39. g4 Qg7 40. g5 Rg8 41.
Qxh6+ Qxh6 42. Rxh6+ Kg7 43. Rxf6 Kh7 44. Rh6+ Kg7 45. Rxd6 Rd8 46. Bd1 Kf7 47.
Rh2 Ke7 48. Rg6 Be8 49. Rg7+ Kf8 50. f6 1-0

[Event "FIDE World Youth U16 Chess Olympiad SLOVAKIA 2016"]
[Site "Poprad Tatry SLOVAKIA"]
[Date "2016.07.28"]
[Round "8"]
[Board "3"]
[White "Marais, Daniel"]
[Black "Zamar Kodelja, Jurij"]
[Result "0-1"]
[WhiteElo "1771"]
[BlackElo "2103"]
[PlyCount "108"]
[EventDate "2016.07.22"]
[EventType "team"]
[EventRounds "9"]
[EventCountry "SVK"]
[WhiteTeam "South Africa 2"]
[BlackTeam "Slovenia"]

1. e4 g6 2. d4 Bg7 3. Nc3 c6 4. Be3 d5 5. f3 dxe4 6. fxe4 Nf6 7. Be2 Qa5 8. Qd2
Ng4 9. Bxg4 Bxg4 10. Nge2 Bxe2 11. Qxe2 b5 12. O-O b4 13. Qc4 O-O 14. Ne2 Qa6
15. Qxa6 Nxa6 16. c3 Rab8 17. Rab1 Rb5 18. a3 bxa3 19. bxa3 Rfb8 20. Rxb5 Rxb5
21. a4 Rb2 22. Kf2 Kf8 23. Kf3 Ke8 24. h4 h5 25. Ra1 Kd7 26. Nf4 Rb3 27. Ne2 e6
28. g4 hxg4+ 29. Kxg4 Nc7 30. Bf4 Ne8 31. e5 Nc7 32. Ra2 Bf8 33. Bd2 Nd5 34.
Nc1 Rb1 35. Nd3 Nb6 36. Rb2 Rxb2 37. Nxb2 Ba3 38. Nd3 Nxa4 39. Nf4 Bb2 40. Ne2
c5 41. Kg5 Ke7 42. dxc5 Nxc5 43. Be3 Ba3 44. Nd4 Ne4+ 45. Kg4 a6 46. c4 Kd7 47.
h5 gxh5+ 48. Kxh5 Bc5 49. Kh6 Ng3 50. Bf2 Bxd4 51. Bxg3 a5 52. Be1 a4 53. Bb4
Bxe5 54. Kg5 Bb2 0-1

[Event "FIDE World Youth U16 Chess Olympiad SLOVAKIA 2016"]
[Site "Poprad Tatry SLOVAKIA"]
[Date "2016.07.28"]
[Round "8"]
[Board "4"]
[White "Hrescak, Ivana"]
[Black "Surujhlal, Kayla"]
[Result "1-0"]
[WhiteElo "2081"]
[BlackElo "1352"]
[PlyCount "119"]
[EventDate "2016.07.22"]
[EventType "team"]
[EventRounds "9"]
[EventCountry "SVK"]
[WhiteTeam "Slovenia"]
[BlackTeam "South Africa 2"]

1. d4 d5 2. c4 e6 3. Nc3 Nf6 4. cxd5 exd5 5. Bg5 Be7 6. e3 c6 7. Qc2 Nbd7 8.
Bd3 O-O 9. Nge2 Re8 10. O-O Nf8 11. f3 Ng6 12. e4 dxe4 13. fxe4 Ng4 14. Bxe7
Qxe7 15. Qd2 Be6 16. h3 Nf6 17. a3 Rad8 18. e5 Nd5 19. Ne4 Qc7 20. Rac1 Rf8 21.
Nd6 Qe7 22. Rf3 f6 23. Bxg6 hxg6 24. Rcf1 b6 25. Qc2 fxe5 26. dxe5 Rxf3 27.
Rxf3 c5 28. Qxg6 a6 29. Ng3 Rxd6 30. exd6 Qxd6 31. Qe8+ Kh7 32. Rf8 g6 33. Ne4
Qe5 34. Qxe6 Qxe6 35. Ng5+ Kh6 36. Nxe6 g5 37. Rd8 Ne3 38. b3 b5 39. Nxc5 a5
40. Rd6+ Kh5 41. Rb6 b4 42. axb4 axb4 43. Rxb4 Kg6 44. Rb8 Kf5 45. Re8 Nd5 46.
Nd3 Nc3 47. b4 Kf6 48. Nc5 Kf7 49. Re3 Nd5 50. Re5 Nxb4 51. Rxg5 Nc6 52. h4 Kf6
53. Ne4+ Kf7 54. h5 Nd8 55. h6 Ne6 56. Rg4 Kf8 57. h7 Ke8 58. h8=Q+ Nf8 59.
Qe5+ Kf7 60. Rg7# 1-0

[Event "FIDE World Youth U16 Chess Olympiad SLOVAKIA 2016"]
[Site "Poprad Tatry SLOVAKIA"]
[Date "2016.07.28"]
[Round "8"]
[Board "1"]
[White "Miesbauer, Jan"]
[Black "Schneider, Jana"]
[Result "1-0"]
[WhiteElo "2321"]
[BlackElo "2135"]
[PlyCount "99"]
[EventDate "2016.07.22"]
[EventType "team"]
[EventRounds "9"]
[EventCountry "SVK"]
[WhiteTeam "Czech republic"]
[BlackTeam "Germany 3"]

1. e4 e5 2. Nf3 Nc6 3. Bb5 a6 4. Ba4 Nf6 5. O-O Be7 6. Bxc6 dxc6 7. d3 Bg4 8.
Nbd2 Bd6 9. h3 Bh5 10. Re1 Nd7 11. b3 Qe7 12. Bb2 f6 13. Nf1 g5 14. Ng3 Bg6 15.
h4 gxh4 16. Nxh4 O-O-O 17. Qf3 Nc5 18. d4 Ne6 19. Ngf5 Qf7 20. dxe5 fxe5 21.
Nxg6 Qxg6 22. Bxe5 Rhe8 23. Bxd6 cxd6 24. Rad1 Ng5 25. Qg4 Kc7 26. c4 Ne6 27.
Qg3 Qxg3 28. Nxg3 Ng7 29. f3 h5 30. Kf2 Rh8 31. Rh1 h4 32. Ne2 Ne6 33. Rh2 Rd7
34. Rdh1 Rdh7 35. f4 Nc5 36. Kf3 Ne6 37. f5 Nf8 38. Nf4 Kd7 39. Re1 Ke7 40. Nd3
Nd7 41. Kf4 Rh5 42. Reh1 Rg8 43. g4 Rhg5 44. Rxh4 Nf6 45. Nf2 b6 46. Re1 Kf7
47. e5 dxe5+ 48. Rxe5 b5 49. Re6 bxc4 50. Rxf6+ 1-0

[Event "FIDE World Youth U16 Chess Olympiad SLOVAKIA 2016"]
[Site "Poprad Tatry SLOVAKIA"]
[Date "2016.07.28"]
[Round "8"]
[Board "2"]
[White "Rogozenco, Teodora"]
[Black "Anaskin, Arsenij"]
[Result "1-0"]
[WhiteElo "2044"]
[BlackElo "2139"]
[PlyCount "87"]
[EventDate "2016.07.22"]
[EventType "team"]
[EventRounds "9"]
[EventCountry "SVK"]
[WhiteTeam "Germany 3"]
[BlackTeam "Czech republic"]

1. d4 f5 2. c4 Nf6 3. Nc3 g6 4. h4 h6 5. Nh3 Nc6 6. Nf4 Rg8 7. h5 g5 8. Ng6 Bg7
9. d5 Nb8 10. Qc2 d6 11. e4 fxe4 12. Nxe4 e5 13. Nxg5 hxg5 14. h6 Bxh6 15. Rxh6
Ng4 16. Rh5 Qf6 17. Bd3 Na6 18. Bxg5 Nb4 19. Bxf6 Nxc2+ 20. Bxc2 Nxf6 21. Rh6
Kf7 22. O-O-O Bd7 23. Rf1 Ng4 24. Rh7+ Rg7 25. Rfh1 Rag8 26. Rxg7+ Kxg7 27. f3
Nf6 28. Ne7 Rh8 29. Rxh8 Kxh8 30. Kd2 Kg7 31. Ke3 Nh5 32. g4 Nf4 33. b3 Kf6 34.
Nf5 Kg5 35. Ng3 Ng2+ 36. Kf2 Nh4 37. Ne4+ Kf4 38. Nf6 Bc8 39. Be4 b6 40. a3 a5
41. a4 Kg5 42. Ne8 Kf4 43. Nxc7 Bxg4 44. Ne6+ 1-0

[Event "FIDE World Youth U16 Chess Olympiad SLOVAKIA 2016"]
[Site "Poprad Tatry SLOVAKIA"]
[Date "2016.07.28"]
[Round "8"]
[Board "3"]
[White "Jelinek, Michal"]
[Black "Muetsch, Annmarie"]
[Result "1-0"]
[WhiteElo "2176"]
[BlackElo "2048"]
[PlyCount "67"]
[EventDate "2016.07.22"]
[EventType "team"]
[EventRounds "9"]
[EventCountry "SVK"]
[WhiteTeam "Czech republic"]
[BlackTeam "Germany 3"]

1. d4 Nf6 2. c4 e6 3. Nc3 Bb4 4. e3 b6 5. Nge2 Ne4 6. Qc2 Bb7 7. a3 Bxc3+ 8.
bxc3 f5 9. f3 Nf6 10. Ng3 O-O 11. Bd3 d6 12. O-O Nbd7 13. e4 fxe4 14. fxe4 e5
15. Bb2 Qe8 16. Rae1 Qg6 17. Nf5 Rae8 18. Rf3 Nh5 19. Qf2 Ndf6 20. Bc1 Bc8 21.
Rf1 Bxf5 22. Rxf5 Nd7 23. Qh4 Rxf5 24. Rxf5 Nhf6 25. Rf3 Qg4 26. Qxg4 Nxg4 27.
c5 d5 28. Rg3 dxe4 29. Bc4+ Kf8 30. Rxg4 Nf6 31. Rg3 exd4 32. cxd4 Rd8 33. cxb6
axb6 34. Bb2 1-0

[Event "FIDE World Youth U16 Chess Olympiad SLOVAKIA 2016"]
[Site "Poprad Tatry SLOVAKIA"]
[Date "2016.07.28"]
[Round "8"]
[Board "4"]
[White "Leser, Katrin"]
[Black "Dolansky, Lukas"]
[Result "1-0"]
[WhiteElo "2025"]
[BlackElo "2102"]
[PlyCount "77"]
[EventDate "2016.07.22"]
[EventType "team"]
[EventRounds "9"]
[EventCountry "SVK"]
[WhiteTeam "Germany 3"]
[BlackTeam "Czech republic"]

1. e4 e5 2. Nf3 Nc6 3. d4 exd4 4. Nxd4 Bc5 5. Nb3 Bb6 6. Nc3 Nf6 7. Qe2 O-O 8.
Bg5 h6 9. Bh4 Re8 10. O-O-O d6 11. Nd5 g5 12. Nxf6+ Qxf6 13. Bg3 a5 14. a4 Be6
15. h4 Bxb3 16. cxb3 Nd4 17. Qd3 g4 18. Re1 Ne6 19. Qd1 h5 20. Bc4 Bd4 21. Qd2
Kg7 22. Kb1 Be5 23. Bxe5 dxe5 24. f3 g3 25. Rh3 Qg6 26. Bxe6 Rxe6 27. Rc1 c6
28. Qe1 Kh7 29. Rxg3 Qh6 30. Rd1 Re7 31. Rg5 f6 32. Rf5 Rg8 33. Rd6 Rf7 34. Qe2
Qf8 35. Rxh5+ Kg6 36. f4 Rfg7 37. f5+ Kf7 38. Qc4+ Ke8 39. Qd3 1-0

[Event "FIDE World Youth U16 Chess Olympiad SLOVAKIA 2016"]
[Site "Poprad Tatry SLOVAKIA"]
[Date "2016.07.28"]
[Round "8"]
[Board "1"]
[White "Sahidi, Samir"]
[Black "Abdulla, Murad"]
[Result "1/2-1/2"]
[WhiteElo "2216"]
[BlackElo "2101"]
[PlyCount "89"]
[EventDate "2016.07.22"]
[EventType "team"]
[EventRounds "9"]
[EventCountry "SVK"]
[WhiteTeam "Slovakia 2"]
[BlackTeam "Scotland"]

1. e4 c5 2. Nf3 d6 3. d4 cxd4 4. Nxd4 Nf6 5. Nc3 g6 6. Be3 Bg7 7. Qd2 O-O 8. f3
Nc6 9. Bc4 Bd7 10. Bb3 Rc8 11. O-O-O Nxd4 12. Bxd4 b5 13. Nd5 Nxd5 14. Bxg7
Kxg7 15. exd5 a5 16. a3 Kg8 17. Qd4 Qc7 18. Rd2 b4 19. a4 Qd8 20. Re1 Qe8 21.
Kb1 Bxa4 22. Bxa4 Qxa4 23. Rxe7 Rfe8 24. b3 Qb5 25. Qf6 Rxe7 26. Qxe7 Re8 27.
Qxd6 Qf1+ 28. Kb2 Re1 29. Rd1 Rxd1 30. Qb8+ Kg7 31. Qe5+ Kf8 32. Qd6+ Ke8 33.
Qc6+ Ke7 34. Qc7+ Ke8 35. Qc8+ Ke7 36. Qc7+ Kf6 37. Qf4+ Kg7 38. Qe5+ f6 39.
Qc7+ Kf8 40. Qd8+ Kg7 41. Qc7+ Kg8 42. Qd8+ Kf7 43. Qd7+ Kg8 44. Qd8+ Kg7 45.
Qc7+ 1/2-1/2